| 000 | 01088cam a22003013a 4500 | ||
|---|---|---|---|
| 001 | 2796 | ||
| 003 | PGUSA | ||
| 005 | 20140828083021.0 | ||
| 008 | 010901s2001||||xxu|||||s|||||000 1 eng d | ||
| 040 |
_aPGUSA _beng |
||
| 042 | _adc | ||
| 050 | 4 | _aPR | |
| 100 | 1 |
_aThackeray, William Makepeace, _d1811-1863 |
|
| 245 | 1 | 4 |
_aThe Memoirs of Mr. Charles J. Yellowplush _h[electronic resource] / _cWilliam Makepeace Thackeray |
| 260 |
_bProject Gutenberg, _c2001 |
||
| 500 | _aAlso titled: The Yellowplush papers. | ||
| 505 | 0 | _aMiss Shum's husband -- The amours of Mr. Deuceace -- Skimmings from "The diary of George IV" -- Foring parts -- Mr. Deauceace at Paris -- Mr. Yellowplush's ajew -- Epistles to the literati. | |
| 506 | _aPublic domain in the USA. | ||
| 516 | _aElectronic text | ||
| 653 | _aHousehold employees -- Fiction | ||
| 653 | _aHumorous stories | ||
| 653 | _aMaster and servant -- Fiction | ||
| 653 | _aDidactic fiction | ||
| 653 | _aEngland -- Fiction | ||
| 830 | 0 |
_aProject Gutenberg _v2796 |
|
| 856 | 4 | 0 | _uhttp://www.gutenberg.org/ebooks/2796 |
| 942 | _cEB | ||
| 999 |
_c232128 _d232128 |
||